000 00335nam a22001457a 4500
008 221013b ||||| |||| 00| 0 eng d
020 _a9781604265156
041 _aeng
080 _2SEVENTH EDITION
_a34
082 _a34
100 _a33.2
101 _aJURI
245 _aRIGHTS LIBERTIES AND JUSTICE
_cEPSTEIN L
942 _2udc
_cBK
999 _c58550
_d58550